[Event "Vienna-ch"]
[Site "Vienna"]
[Date "2005.10.25"]
[Round "4"]
[White "Havlicek, Josef"]
[Black "Hirsch, Adolf Jr"]
[Result "1-0"]
[WhiteElo "2158"]
[BlackElo "2067"]
[PlyCount "103"]
[EventDate "2005.10.22"]
[EventType "swiss"]
[EventRounds "9"]
[EventCountry "AUT"]
[SourceTitle "EXT 2007"]
[Source "ChessBase"]
[SourceDate "2006.11.23"]
[SourceVersion "1"]
[SourceVersionDate "2006.11.23"]
[SourceQuality "1"]

1. e4 e6 2. d4 d5 3. Nc3 Bb4 4. e5 Ne7 5. Bd2 Bxc3 6. Bxc3 b6 7. Qg4 Ba6 8. Qxg7 Rg8 9. Qxh7 Bxf1 10. Kxf1 c5 11. Ne2 Nbc6 12. h4 Qd7 13. Rh3 0-0-0 14. Qd3 c4 15. Qf3 Nf5 16. g4 Nh6 17. g5 Nf5 18. Qf4 Rh8 19. Ng3 Nce7 20. Nxf5 Nxf5 21. h5 Rdg8 22. Ke2 Qa4 23. b3 Qa6 24. Kd2 Kd7 25. a4 Qc8 26. b4 a6 27. Rg1 Qf8 28. Ke2 Rh7 29. Bd2 Rgh8 30. Rgh1 Qe7 31. c3 Kc7 32. Qg4 Qe8 33. Ra1 Ng7 34. h6 Nf5 35. Rf3 Qd7 36. g6 fxg6 37. Qxg6 Qf7 38. Rg1 Kd7 39. Rxf5 Qxf5 40. Qxf5 exf5 41. Rg6 Kc7 42. Bg5 Kb7 43. f4 Rc8 44. Kf3 Rc6 45. e6 Rc8 46. e7 Kc7 47. Kg3 Rb8 48. Kh4 Kd7 49. Kh5 Rxe7 50. Bxe7 Kxe7 51. h7 Kf7 52. Kh6 1-0

[Event "Vienna-ch"]
[Site "Vienna"]
[Date "2005.10.23"]
[Round "2"]
[White "Pachta, Paul"]
[Black "Havlicek, Josef"]
[Result "1-0"]
[WhiteElo "2188"]
[BlackElo "2158"]
[PlyCount "67"]
[EventDate "2005.10.22"]
[EventType "swiss"]
[EventRounds "9"]
[EventCountry "AUT"]
[SourceTitle "EXT 2007"]
[Source "ChessBase"]
[SourceDate "2006.11.23"]
[SourceVersion "1"]
[SourceVersionDate "2006.11.23"]
[SourceQuality "1"]

1. Nf3 d5 2. c4 c6 3. d4 Nf6 4. Nc3 e6 5. Bg5 Nbd7 6. e3 Be7 7. Rc1 0-0 8. Qc2 Re8 9. a3 Nf8 10. Bd3 Bd7 11. 0-0 dxc4 12. Bxc4 Nd5 13. Bxe7 Qxe7 14. Ne4 Rec8 15. Rfd1 Be8 16. Ba2 f6 17. Ng3 Rd8 18. Ne1 h5 19. e4 Bg6 20. Qe2 h4 21. Nf1 Nf4 22. Qg4 Qc7 23. g3 hxg3 24. hxg3 Nh5 25. Bxe6+ Nxe6 26. Qxg6 Qf7 27. Qxf7+ Kxf7 28. d5 Ng5 29. dxc6 bxc6 30. f3 Rxd1 31. Rxd1 Ke6 32. Kf2 g6 33. Nd3 Rd8 34. Nf4+ 1-0

[Event "Vienna op 14th"]
[Site "Vienna"]
[Date "2003.08.23"]
[Round "8"]
[White "Krallmann, Matthias"]
[Black "Havlicek, Josef"]
[Result "1-0"]
[WhiteElo "2258"]
[BlackElo "2158"]
[PlyCount "61"]
[EventDate "2003.08.16"]
[EventType "swiss"]
[EventRounds "9"]
[EventCountry "AUT"]
[SourceTitle "CBM 095 Extra"]
[Source "ChessBase"]
[SourceDate "2003.09.04"]
[SourceVersion "1"]
[SourceVersionDate "2003.09.04"]
[SourceQuality "1"]

1. d4 d5 2. c4 e6 3. Nf3 f5 4. Bf4 Nf6 5. e3 c6 6. Bd3 Bd6 7. Bxd6 Qxd6 8. Qc2 Ne4 9. Ne5 Nd7 10. Nxd7 Bxd7 11. f3 Nf6 12. Nc3 0-0 13. 0-0 Rac8 14. Rad1 dxc4 15. Bxc4 b5 16. Bb3 a5 17. a4 Kh8 18. Qe2 b4 19. Nb1 c5 20. Nd2 cxd4 21. Nc4 Qa6 22. Rxd4 e5 23. Rd6 Bc6 24. Rfd1 e4 25. f4 h6 26. h3 Kh7 27. g4 fxg4 28. hxg4 g5 29. fxg5 hxg5 30. Qh2+ Kg7 31. Qe5 1-0

[Event "Vienna op 14th"]
[Site "Vienna"]
[Date "2003.08.16"]
[Round "1"]
[White "Kortschnoj, Viktor Lvovich"]
[Black "Havlicek, Josef"]
[Result "1-0"]
[WhiteElo "2628"]
[BlackElo "2158"]
[PlyCount "55"]
[EventDate "2003.08.16"]
[EventType "swiss"]
[EventRounds "9"]
[EventCountry "AUT"]
[SourceTitle "CBM 095 Extra"]
[Source "ChessBase"]
[SourceDate "2003.09.04"]
[SourceVersion "1"]
[SourceVersionDate "2003.09.04"]
[SourceQuality "1"]

1. c4 e5 2. Nc3 Nf6 3. Nf3 Nc6 4. a3 a5 5. d4 exd4 6. Nxd4 Bc5 7. Ndb5 0-0 8. Bf4 d6 9. e3 h6 10. Be2 Be6 11. 0-0 Qe7 12. Nd5 Bxd5 13. cxd5 Ne5 14. Rc1 Rac8 15. Nc3 Ng6 16. Bg3 Nd7 17. Na4 Ba7 18. Qd2 f5 19. Bh5 Nh4 20. Qxa5 Bxe3 21. fxe3 Qxe3+ 22. Bf2 Qg5 23. Bxh4 Qxh4 24. Bd1 Ne5 25. Qa7 f4 26. Nc3 Rce8 27. Ne4 f3 28. Bxf3 1-0

[Event "Ernst Stoeckl Memorial 1st"]
[Site "Vienna"]
[Date "2002.02.04"]
[Round "3.1"]
[White "Rott, Jakob"]
[Black "Havlicek, Josef"]
[Result "0-1"]
[WhiteElo "1874"]
[BlackElo "2147"]
[PlyCount "76"]
[EventDate "2002.02.02"]
[EventType "swiss"]
[EventRounds "9"]
[EventCountry "AUT"]
[SourceTitle "EXT 2003"]
[Source "ChessBase"]
[SourceDate "2002.11.25"]
[SourceVersion "1"]
[SourceVersionDate "2002.11.25"]
[SourceQuality "1"]

1. d4 d5 2. c4 e6 3. Nf3 Nf6 4. e3 c6 5. Bd3 Nbd7 6. 0-0 dxc4 7. Bxc4 b5 8. Bd3 Bb7 9. Qe2 a6 10. a3 c5 11. dxc5 Nxc5 12. Bc2 Qc7 13. Nc3 Ng4 14. e4 Bd6 15. h3 h5 16. b4 Nd7 17. Bb2 Nde5 18. Nd2 Ng6 19. Rac1 Bh2+ 20. Kh1 Be5 21. Nf3 Bxc3 22. Bb3 Qf4 23. Rxc3 Bxe4 24. Qd2 Bxf3 25. Qxf4 Bxg2+ 26. Kxg2 Nxf4+ 27. Kh1 Nf6 28. Rg3 Ng6 29. Rc1 h4 30. Rgg1 Ne4 31. Bxg7 Nxf2+ 32. Kh2 Rg8 33. Bf6 Ne4 34. Bxh4 Rh8 35. Bf6 Nxf6 36. Bxe6 fxe6 37. Rxg6 Kf7 38. Rg2 Rac8 0-1

[Event "Graz op"]
[Site "Graz"]
[Date "2002.??.??"]
[Round "1"]
[White "Havlicek, Josef"]
[Black "Polak, Tomas"]
[Result "0-1"]
[WhiteElo "2162"]
[BlackElo "2482"]
[PlyCount "46"]
[EventDate "2002.??.??"]
[EventType "swiss"]
[EventRounds "9"]
[EventCountry "AUT"]
[SourceTitle "EXT 2003"]
[Source "ChessBase"]
[SourceDate "2002.11.25"]
[SourceVersion "1"]
[SourceVersionDate "2002.11.25"]
[SourceQuality "1"]

1. d4 Nf6 2. c4 e6 3. Nc3 Bb4 4. Nf3 b6 5. e3 Bb7 6. Bd3 0-0 7. 0-0 Bxc3 8. bxc3 Ne4 9. Qc2 f5 10. Ba3 d6 11. Rfd1 Nd7 12. Rab1 Rf6 13. Nd2 Nxd2 14. Rxd2 Rg6 15. e4 Qg5 16. f3 fxe4 17. fxe4 Rf8 18. Re1 Qh4 19. Rde2 Rf3 20. Re3 Nf6 21. Rxf3 Qxe1+ 22. Rf1 Qe3+ 23. Kh1 Nxe4 0-1

[Event "Graz op"]
[Site "Graz"]
[Date "2001.??.??"]
[Round "9"]
[White "Wittmann, Walter"]
[Black "Havlicek, Josef"]
[Result "1-0"]
[WhiteElo "2352"]
[BlackElo "2144"]
[PlyCount "85"]
[EventDate "2001.09.??"]
[EventType "swiss"]
[EventRounds "9"]
[EventCountry "AUT"]
[SourceTitle "EXT 2002"]
[Source "ChessBase"]
[SourceDate "2001.11.25"]
[SourceVersion "1"]
[SourceVersionDate "2001.11.25"]
[SourceQuality "1"]

1. e4 e6 2. d4 d5 3. Nd2 Nf6 4. e5 Nfd7 5. Bd3 c5 6. c3 Nc6 7. Ne2 Qb6 8. Nf3 Be7 9. 0-0 0-0 10. a3 f5 11. exf6 Nxf6 12. Bc2 Bd7 13. Ng5 e5 14. dxe5 Nxe5 15. Nf4 Qd6 16. Re1 Rae8 17. Nxh7 Nxh7 18. Bxh7+ Kxh7 19. Qh5+ Kg8 20. Rxe5 Bg5 21. Ng6 Rxe5 22. Bxg5 Be8 23. Qh8+ Kf7 24. Nxe5+ Qxe5 25. Qh4 Kg8 26. Be3 b6 27. Rd1 Bc6 28. h3 Rf6 29. Bg5 Qe2 30. Rd2 Qe1+ 31. Kh2 Re6 32. Qg4 Bb7 33. h4 Qe5+ 34. f4 Qe4 35. h5 d4 36. cxd4 c4 37. h6 gxh6 38. Bxh6+ Rg6 39. Bg5 b5 40. Re2 Qc6 41. Re7 Rg7 42. d5 Bc8 43. Rxg7+ 1-0

[Event "Karl Wagner Memorial 5th"]
[Site "Graz"]
[Date "1998.09.11"]
[Round "7.24"]
[White "Ebner, Hubert"]
[Black "Havlicek, Josef"]
[Result "0-1"]
[WhiteElo "2275"]
[BlackElo "2160"]
[PlyCount "94"]
[EventDate "1998.09.??"]
[EventType "swiss"]
[EventRounds "9"]
[EventCountry "AUT"]
[SourceTitle "EXT 1999"]
[Source "ChessBase"]
[SourceDate "1998.11.16"]
[SourceVersion "1"]
[SourceVersionDate "1998.11.16"]
[SourceQuality "1"]

1. d4 Nf6 2. c4 g6 3. Nc3 Bg7 4. e4 d6 5. Nf3 0-0 6. Be2 e5 7. 0-0 Nc6 8. Be3 Re8 9. dxe5 Nxe5 10. Nxe5 Rxe5 11. f3 Bd7 12. Qd2 Bc6 13. Rfd1 Qf8 14. Rac1 h6 15. Nd5 Bxd5 16. cxd5 Re7 17. Rc2 a6 18. Qb4 Qb8 19. Bf2 b6 20. Rdc1 Kh7 21. Bf1 Ra7 22. Rc6 Nd7 23. b3 Qd8 24. Bh4 g5 25. Bf2 Ne5 26. R6c2 Qe8 27. Kh1 Qf8 28. Qd2 Ng6 29. Bd3 Ne5 30. Be2 f5 31. exf5 Qxf5 32. Re1 Kg8 33. Bd3 Qf7 34. Be4 Ra8 35. h3 Rae8 36. Qc1 c5 37. dxc6 d5 38. c7 Rc8 39. Rd1 dxe4 40. Rd8+ Re8 41. Rxe8+ Qxe8 42. fxe4 Nd3 43. Qe3 Nxf2+ 44. Qxf2 Qd7 45. Rd2 Qxc7 46. Qf5 Rf8 47. Qe6+ Qf7 0-1

[Event "Vienna op 13th"]
[Site "Vienna"]
[Date "1998.??.??"]
[Round "?"]
[White "Dueckstein, Andreas"]
[Black "Havlicek, Josef"]
[Result "1-0"]
[WhiteElo "2360"]
[BlackElo "2160"]
[PlyCount "41"]
[EventDate "1998.10.25"]
[EventType "swiss"]
[EventRounds "9"]
[EventCountry "AUT"]
[SourceTitle "EXT 2000"]
[Source "ChessBase"]
[SourceDate "1999.11.16"]
[SourceVersion "1"]
[SourceVersionDate "1999.11.16"]
[SourceQuality "1"]

1. e4 e6 2. d4 d5 3. Nc3 Bb4 4. Qd3 dxe4 5. Qxe4 Nf6 6. Qh4 c5 7. dxc5 Bxc3+ 8. bxc3 Qa5 9. Qb4 Nc6 10. Bb5 Qc7 11. Nf3 0-0 12. Qa4 Bd7 13. 0-0 e5 14. Qh4 Ne7 15. Bxd7 Ng6 16. Qb4 Nxd7 17. Be3 Rab8 18. Rfd1 Rfc8 19. Qb5 Nxc5 20. Bxc5 Qxc5 21. Rd8+ 1-0

[Event "Donau op"]
[Site "Vienna"]
[Date "1998.??.??"]
[Round "7"]
[White "Havlicek, Josef"]
[Black "Vavrak, Peter"]
[Result "1-0"]
[WhiteElo "2160"]
[BlackElo "2210"]
[PlyCount "99"]
[EventDate "1998.05.??"]
[EventType "swiss"]
[EventRounds "9"]
[EventCountry "AUT"]
[SourceTitle "EXT 2000"]
[Source "ChessBase"]
[SourceDate "1999.11.16"]
[SourceVersion "1"]
[SourceVersionDate "1999.11.16"]
[SourceQuality "1"]

1. e4 e6 2. d4 d5 3. Nc3 Bb4 4. e5 c5 5. a3 Bxc3+ 6. bxc3 Qc7 7. Qg4 f5 8. Qg3 cxd4 9. cxd4 Ne7 10. Bd2 0-0 11. Nf3 b6 12. Bd3 Ba6 13. 0-0 Bxd3 14. cxd3 Nbc6 15. Rfc1 Qd7 16. h4 Rac8 17. h5 f4 18. Bxf4 Nf5 19. Qg4 Ncxd4 20. Nxd4 Nxd4 21. h6 g6 22. Bg5 Nf5 23. Qb4 Kf7 24. g4 Ne7 25. Qd6 Qb7 26. d4 Nc6 27. a4 Nxd4 28. Rxc8 Rxc8 29. Ra3 Qc7 30. Rd3 Qxd6 31. exd6 Nc6 32. Rc3 Ke8 33. Rf3 Nd8 34. Rf6 d4 35. Kf1 Rc5 36. Rxg6 Nf7 37. Rxe6+ Kd7 38. Re7+ Kxd6 39. Rxf7 Rxg5 40. f3 Re5 41. Rxh7 d3 42. Rh8 Kc7 43. h7 d2 44. Rc8+ Kxc8 45. h8Q+ Kb7 46. Qh7+ Kb8 47. Qb1 Rc5 48. Qd1 Rd5 49. Ke2 Kb7 50. Qxd2 1-0

[Event "Vienna op 13th"]
[Site "Vienna"]
[Date "1998.??.??"]
[Round "?"]
[White "Kreindl, Helmut"]
[Black "Havlicek, Josef"]
[Result "1-0"]
[WhiteElo "2270"]
[BlackElo "2160"]
[PlyCount "93"]
[EventDate "1998.10.25"]
[EventType "swiss"]
[EventRounds "9"]
[EventCountry "AUT"]
[SourceTitle "EXT 2000"]
[Source "ChessBase"]
[SourceDate "1999.11.16"]
[SourceVersion "1"]
[SourceVersionDate "1999.11.16"]
[SourceQuality "1"]

1. e4 e6 2. d3 d5 3. Nd2 Nf6 4. Ngf3 c5 5. g3 Nc6 6. Bg2 Be7 7. 0-0 0-0 8. Re1 b6 9. h4 Bb7 10. e5 Nd7 11. Nf1 Qc7 12. Bf4 b5 13. N1h2 h6 14. Qd2 Rfe8 15. Ng4 h5 16. Ngh2 Nf8 17. g4 Ng6 18. gxh5 Nxh4 19. Nxh4 Bxh4 20. Ng4 Nd4 21. Bg5 Bxg5 22. Qxg5 Kh8 23. h6 Rg8 24. Re3 g6 25. Rc1 c4 26. Bf1 Nf5 27. Rh3 Qe7 28. Qd2 d4 29. dxc4 bxc4 30. Bxc4 Rac8 31. Bd3 Rge8 32. Nf6 Rc5 33. Qf4 Qc7 34. Re1 Rxc2 35. Bxc2 Qxc2 36. Qc1 d3 37. Rd1 Qe2 38. Qd2 Qxe5 39. Ng4 Qd4 40. Qc3 Qxc3 41. bxc3 Ba6 42. Ne5 Rf8 43. Nxd3 Rd8 44. Nb2 Rxd1+ 45. Nxd1 Bc4 46. a3 Kh7 47. Ne3 1-0

[Event "AUT-ch"]
[Site "Austria"]
[Date "1996.??.??"]
[Round "8"]
[White "Havlicek, Josef"]
[Black "Sulyok, Michael"]
[Result "0-1"]
[WhiteElo "2245"]
[BlackElo "2205"]
[PlyCount "88"]
[EventDate "1996.??.??"]
[EventType "swiss"]
[EventRounds "9"]
[EventCountry "AUT"]
[SourceTitle "EXT 1998"]
[Source "ChessBase"]
[SourceDate "1997.11.17"]
[SourceVersion "1"]
[SourceVersionDate "1997.11.17"]
[SourceQuality "1"]

1. e4 e5 2. Nf3 Nc6 3. Bb5 a6 4. Ba4 d6 5. c3 Bd7 6. 0-0 Nge7 7. d4 Ng6 8. Re1 Be7 9. Nbd2 0-0 10. Nf1 Nh4 11. d5 Nb8 12. Bxd7 Nxd7 13. Nxh4 Bxh4 14. Qh5 g6 15. Qh6 f5 16. g3 Bf6 17. exf5 Bg7 18. Qh3 gxf5 19. f4 Qf6 20. Be3 Rae8 21. Rad1 Qg6 22. Kf2 Nf6 23. Bc1 exf4 24. gxf4 Rxe1 25. Kxe1 Qe8+ 26. Ne3 Ng4 27. Kf1 Qb5+ 28. c4 Nxe3+ 29. Qxe3 Qxc4+ 30. Kg1 Qxa2 31. b3 Qc2 32. Re1 Qc5 33. Qxc5 dxc5 34. Re7 Bd4+ 35. Kf1 Rf7 36. Re8+ Kg7 37. Ke2 Kf6 38. Re6+ Kg7 39. Kd3 Rd7 40. b4 Rxd5 41. Re7+ Kf6 42. Rxc7 Be5+ 43. Kc4 Bxc7 44. Kxd5 cxb4 0-1

[Event "Schlechter Memorial"]
[Site "Vienna"]
[Date "1996.??.??"]
[Round "8"]
[White "Havlicek, Josef"]
[Black "Weissel, Georg"]
[Result "1-0"]
[WhiteElo "2245"]
[BlackElo "2095"]
[PlyCount "79"]
[EventDate "1996.10.10"]
[EventType "swiss"]
[EventRounds "9"]
[EventCountry "AUT"]
[SourceTitle "CBM 055 Extra"]
[Source "ChessBase"]
[SourceDate "1997.01.01"]
[SourceVersion "1"]
[SourceVersionDate "1997.01.01"]
[SourceQuality "1"]

1. e4 c5 2. Nf3 e6 3. d4 cxd4 4. Nxd4 a6 5. Nc3 Qc7 6. Bd3 Nf6 7. Be3 Nc6 8. 0-0 Ne5 9. Be2 Bc5 10. Kh1 d6 11. f4 Ng6 12. Bf3 0-0 13. Qe1 Nxf4 14. Ndb5 axb5 15. Bxf4 Qb6 16. Bxd6 Bxd6 17. e5 Bxe5 18. Qxe5 b4 19. Ne4 Nxe4 20. Bxe4 Ra5 21. Qg3 Qd4 22. Bd3 f5 23. b3 e5 24. Rad1 Qb2 25. Qh4 Be6 26. Qxb4 Qxa2 27. Bc4 Bxc4 28. Qxc4+ Kh8 29. Rxf5 Raa8 30. Rxe5 Rad8 31. Rde1 Qb2 32. Qc7 h6 33. h3 Rc8 34. Qxb7 Qxc2 35. R5e3 Rb8 36. Qd5 Rfd8 37. Qf3 Rf8 38. Qg3 Qb2 39. Rf3 Rxf3 40. Qxb8+ 1-0

[Event "AUT-ch"]
[Site "Austria"]
[Date "1996.??.??"]
[Round "5"]
[White "Muellneritsch, Anton"]
[Black "Havlicek, Josef"]
[Result "1-0"]
[WhiteElo "2180"]
[BlackElo "2245"]
[PlyCount "125"]
[EventDate "1996.??.??"]
[EventType "swiss"]
[EventRounds "9"]
[EventCountry "AUT"]
[SourceTitle "EXT 1998"]
[Source "ChessBase"]
[SourceDate "1997.11.17"]
[SourceVersion "1"]
[SourceVersionDate "1997.11.17"]
[SourceQuality "1"]

1. e4 e6 2. d4 d5 3. Nc3 Bb4 4. exd5 exd5 5. Bd3 Ne7 6. Qf3 c5 7. dxc5 d4 8. a3 Qa5 9. Rb1 dxc3 10. axb4 Qxb4 11. Ne2 cxb2+ 12. Bd2 Qxc5 13. Rxb2 Nbc6 14. Rb5 Qd6 15. 0-0 0-0 16. Bc3 Ng6 17. Ra1 a6 18. Rd5 Qc7 19. Rh5 Be6 20. Ra4 f6 21. Rxh7 Kxh7 22. Qh5+ Kg8 23. Bxg6 Rfd8 24. Qh7+ Kf8 25. Qh8+ Bg8 26. Bd3 b5 27. Rg4 Rd6 28. Rg3 Re8 29. Nf4 Rxd3 30. Nxd3 Qe7 31. h3 a5 32. Bxf6 Qxf6 33. Rf3 Qxf3 34. gxf3 a4 35. Qh5 Bc4 36. Qc5+ Ne7 37. Ne5 Rc8 38. Qb4 Ke8 39. Nxc4 bxc4 40. Qxa4+ Kf7 41. c3 Rc6 42. f4 Rg6+ 43. Kf1 Rc6 44. Ke2 Re6+ 45. Kf3 Rc6 46. Ke4 Re6+ 47. Kf3 Rc6 48. Qb5 Kf8 49. f5 Kf7 50. Kf4 Kf6 51. h4 Kf7 52. Kg5 Kf8 53. h5 Kf7 54. f3 Kf8 55. f4 Kf7 56. f6 gxf6+ 57. Kh4 f5 58. Kg5 Rc8 59. h6 Rg8+ 60. Kh5 Rg4 61. Qxc4+ Kf6 62. Qd4+ Kf7 63. h7 1-0

[Event "AUT-ch"]
[Site "Austria"]
[Date "1996.??.??"]
[Round "7"]
[White "Titz, Heimo"]
[Black "Havlicek, Josef"]
[Result "1/2-1/2"]
[WhiteElo "2325"]
[BlackElo "2245"]
[PlyCount "94"]
[EventDate "1996.??.??"]
[EventType "swiss"]
[EventRounds "9"]
[EventCountry "AUT"]
[SourceTitle "EXT 1998"]
[Source "ChessBase"]
[SourceDate "1997.11.17"]
[SourceVersion "1"]
[SourceVersionDate "1997.11.17"]
[SourceQuality "1"]

1. c4 e5 2. g3 g6 3. Bg2 Bg7 4. Nc3 Nf6 5. Nf3 Nc6 6. 0-0 0-0 7. d4 d6 8. d5 Ne7 9. e4 Nh5 10. Ne1 Bd7 11. Nd3 f5 12. exf5 Bxf5 13. Ne4 Bxe4 14. Bxe4 Nf6 15. Bg2 Qd7 16. Bd2 Rae8 17. Bc3 Nf5 18. Re1 Nd4 19. Bxd4 exd4 20. Nf4 Rxe1+ 21. Qxe1 Re8 22. Qd2 Ne4 23. Bxe4 Rxe4 24. Re1 Qf5 25. Rxe4 Qxe4 26. Qd3 Qxd3 27. Nxd3 c5 28. dxc6 bxc6 29. f4 a5 30. b3 c5 31. Kf2 Kf7 32. Kf3 Ke6 33. Ke4 h5 34. h3 Bf6 35. g4 hxg4 36. hxg4 Be7 37. a4 Bf8 38. Ne1 Be7 39. Nf3 Bd8 40. g5 Be7 41. Nh4 Kf7 42. Kd5 Bf8 43. Ke4 Be7 44. f5 Bxg5 45. fxg6+ Kg7 46. Nf5+ Kxg6 47. Nxd6 Bd2 1/2-1/2

[Event "Schlechter Memorial"]
[Site "Vienna"]
[Date "1996.??.??"]
[Round "1"]
[White "Wittmann, Walter"]
[Black "Havlicek, Josef"]
[Result "1/2-1/2"]
[WhiteElo "2370"]
[BlackElo "2245"]
[PlyCount "80"]
[EventDate "1996.10.10"]
[EventType "swiss"]
[EventRounds "9"]
[EventCountry "AUT"]
[SourceTitle "CBM 055 Extra"]
[Source "ChessBase"]
[SourceDate "1997.01.01"]
[SourceVersion "1"]
[SourceVersionDate "1997.01.01"]
[SourceQuality "1"]

1. e4 e6 2. d4 d5 3. Nd2 Nf6 4. e5 Nfd7 5. Bd3 c5 6. c3 Nc6 7. Ne2 Qb6 8. Nf3 cxd4 9. cxd4 f6 10. exf6 Nxf6 11. 0-0 Bd6 12. Bd2 Bd7 13. Bc3 0-0 14. Ng3 Rae8 15. Ne5 Bc8 16. Nxc6 bxc6 17. Re1 Bxg3 18. hxg3 e5 19. Qb3 e4 20. Qxb6 axb6 21. Be2 e3 22. fxe3 Rxe3 23. Bf3 Rfe8 24. Rxe3 Rxe3 25. a4 Bg4 26. Kf2 Re6 27. Re1 Kf7 28. b4 Rxe1 29. Bxe1 Bc8 30. Ke3 g5 31. Be2 Ke7 32. Bd3 h6 33. Bc3 Bd7 34. Bb2 b5 35. a5 Bc8 36. Bc3 Ng4+ 37. Ke2 Kf6 38. Bd2 h5 39. Be1 Ba6 40. Bc2 Bc8 1/2-1/2

[Event "Vienna op"]
[Site "Vienna"]
[Date "1995.??.??"]
[Round "4"]
[White "Havlicek, Josef"]
[Black "Jelica, Mara"]
[Result "1-0"]
[WhiteElo "1935"]
[BlackElo "2170"]
[PlyCount "59"]
[EventDate "1995.??.??"]
[EventType "swiss"]
[EventRounds "9"]
[EventCountry "AUT"]
[SourceTitle "EXT 1998"]
[Source "ChessBase"]
[SourceDate "1997.11.17"]
[SourceVersion "1"]
[SourceVersionDate "1997.11.17"]
[SourceQuality "1"]

1. e4 c5 2. Nf3 d6 3. d4 cxd4 4. Nxd4 Nf6 5. Nc3 g6 6. Be3 Bg7 7. f3 0-0 8. h4 h5 9. Qd2 Nc6 10. Be2 a6 11. 0-0-0 Nxd4 12. Bxd4 Be6 13. Rdg1 Qa5 14. g4 b5 15. gxh5 b4 16. Nb1 Rac8 17. h6 Bh8 18. h5 Kh7 19. Bd3 Rg8 20. e5 Nd7 21. hxg6+ fxg6 22. Qg5 Bxe5 23. Bxg6+ Kh8 24. Qxe7 Nf8 25. Qxd6 Nxg6 26. Rxg6 Rxc2+ 27. Kd1 Rxg6 28. Bxe5+ Kg8 29. h7+ Kf7 30. h8N+ 1-0